| Tag |
First Indicator |
Second Indicator |
Subfields |
| LEADER |
00000cam a2200000 a 4500 |
| 001 |
in00000952021 |
| 005 |
20200725064019.0 |
| 007 |
hd afv|||baca |
| 008 |
860108s1699 miu a 00110 eng d |
| 035 |
|
|
|a (OCoLC)12990785
|
| 035 |
|
|
|9 AET0362AM
|
| 037 |
|
|
|a CL0037000021
|b UMI
|
| 037 |
|
|
|b University Microfilms International, 300 N. Zeeb Road, Ann Arbor, MI 48106.
|
| 040 |
|
|
|a EAA
|c EAA
|d m/c
|d UMI
|d UtOrBLW
|
| 049 |
|
|
|a TXAI
|
| 099 |
|
|
|a film
|a B
|a 3609
|
| 100 |
1 |
|
|a Boyle, Charles,
|c Earl of Orrery,
|d 1674-1731.
|
| 245 |
1 |
0 |
|a Dr. Bentley's Dissertations on the Epistles of Phalaris, and the Fables of Æsop, examin'd /
|c by the honourable Charles Boyle, Esq.
|
| 250 |
|
|
|a The third edition with some additions, occasioned by a book entituled A view of the Dissertation upon the Epistles of Phalaris, &c.
|
| 264 |
|
3 |
|a London :
|b Printed for T. Bennet ...,
|c 1699.
|
| 300 |
|
|
|a 8 unnumbered pages, 266, that is, 294 pages, 4 unnumbered pages
|
| 336 |
|
|
|a text
|b txt
|2 rdacontent
|
| 337 |
|
|
|a microform
|b h
|2 rdamedia
|
| 338 |
|
|
|a microfilm reel
|b hd
|2 rdacarrier
|
| 500 |
|
|
|a Includes bibliographical references.
|
| 500 |
|
|
|a Index: pages [1]-[4] at end.
|
| 500 |
|
|
|a Imperfect: pages 153-154 missing in filmed copy.
|
| 500 |
|
|
|a Reproduction of original in Huntington Library.
|
| 510 |
4 |
|
|a Wing
|c O471
|
| 533 |
|
|
|a Microfilm.
|b Ann Arbor, Mich. :
|c University Microfilms,
|d 1977.
|e 1 microfilm reel. 35 mm.
|f (Early English books, 1641-1700 ; 724:28)
|
| 500 |
|
|
|a Microform.
|
| 600 |
0 |
0 |
|a Phalaris,
|c Tyrant of Agrigentum,
|d active 6th century B.C.
|
| 600 |
1 |
0 |
|a Bentley, Richard,
|d 1662-1742.
|t Dissertation upon the epistles of Phalaris.
|
| 630 |
0 |
0 |
|a Aesop's fables.
|
| 700 |
0 |
|
|a Pseudo-Phalaris.
|t Epistolae.
|
| 830 |
|
0 |
|a Early English books, 1641-1700 ;
|v 724:28.
|
| 999 |
|
|
|a MARS
|
| 999 |
f |
f |
|s 8f7eb741-ecd5-3452-aef3-4061a6d9b68a
|i 69b91b5a-2008-3e93-b386-29a3b5a9442a
|t 0
|
| 952 |
f |
f |
|p default
|a Texas A&M University
|b College Station
|c Sterling C. Evans Library
|d Evans: Microforms (3rd floor)
|t 0
|e film B 3609 724:28
|h Other scheme
|i microform -- microfilm reel
|
| 998 |
f |
f |
|a film B 3609 724:28
|t 0
|l Evans: Microforms (3rd floor)
|